000
00448nam a2200145Ia 4500
008
100122s9999 xx 000 0 und d
082
_b
13018
_a
822
100
_a
किणीकर रॉय
245
_a
येग येग विठाबाई
260
_b
रॉय किणीकर
_c
1965
300
_a
106
630
_a
येग येग विठाबाई
730
_a
येग येग विठाबाई
942
_c
BOOK
999
_c
403938
_d
403935